Music Quiz

Random Music or Kpop Quiz

Name the YG Artists by Slideshow Quiz Stats

 Plays Quiz not verified by Sporcle

Challenge
Share
Tweet
Score 0/34 Timer 05:00
0 Plays Today
% Correct
Bobby
95%
Lisa
94.6%
TOP
94.4%
Seungri
93.2%
PSY
92%
Dara
90.7%
CL
90.3%
Taeyang
89.9%
G-Dragon
89.4%
Daesung
87.7%
Jennie
86.6%
Lee Hi
85.9%
B.I
84.2%
Rose
79.8%
Jisoo
77.7%
Tablo
75.6%
Mino
75.5%
% Correct
Junhoe
72.7%
Jinhwan
71.4%
Chanwoo
68.4%
Jinwoo
68.3%
Soohyun
68%
Seungyoon
65%
Chanhyuk
64.7%
Seunghoon
62.3%
Yunhyeong
59.5%
Donghyuk
51.1%
Mithra Jin
41.9%
DJ Tukutz
40.1%
Eun Jiwon
19.2%
Jaejin
15.4%
Suwon
13.7%
Jaeduck
11.8%
Sunghoon
11.4%

You're not logged in!

Compare scores with friends on all Sporcle quizzes.
Join for Free
OR
Log In

You Might Also Like...

Show Comments

Extras

Created Nov 24, 2016ReportNominate
Tags:Kpop Quiz, Kpop Quiz

Top Quizzes Today


Score Distribution

Your Account Isn't Verified!

In order to create a playlist on Sporcle, you need to verify the email address you used during registration. Go to your Sporcle Settings to finish the process.

Report this User

Report this user for behavior that violates our Community Guidelines.

Details: